TV Role Mash-Up Quiz Stats

Quiz Updated Mar 8, 2015

Challenge
Share
Tweet
Embed
Score 0/20 Timer 05:00
8 Plays Today
% Correct
David Hasselhoff
96.9%
Neil Patrick Harris
92.3%
Bryan Cranston
87.3%
Courteney Cox
86.7%
Ted Danson
85.8%
Julia Louis-Dreyfus
83.7%
Katey Sagal
83.3%
Julianna Margulies
82.9%
Michael J. Fox
82%
Mary Tyler Moore
79.4%
% Correct
LeVar Burton
79.1%
Tony Danza
78.7%
Don Johnson
78.5%
Betty White
76.6%
Andy Griffith
75.6%
Michael Landon
72.1%
Bob Newhart
72.1%
Bill Cosby
68.3%
Sherman Hemsley
64.5%
Gerald McRaney
56.3%

You're not logged in!

Compare scores with friends on all Sporcle quizzes.
Sign Up with Email
OR
Log In

You Might Also Like...

Show Comments

Extras

Top Quizzes Today


Score Distribution

Your Account Isn't Verified!

In order to create a playlist on Sporcle, you need to verify the email address you used during registration. Go to your Sporcle Settings to finish the process.

Report this User

Report this user for behavior that violates our Community Guidelines.

Details: